01266nam a2200325Ia 4500001000900000003000500009005001700014008004100031010001100072020001800083040000900101082002000110100002600130245023700156260003500393300001700428500004300445503000800488650003300496650003000529700004100559700003900600700004000639901002000679902000600699905006300705942001500768999001900783952013800802dia_4970CHAP20230323090413.0220117s2003 xx 000 0 und d a175782 a968-6708-17-0 cCHAP a621.01 B57 2003 aBird, R. Byron912912 aFenómenos de transporte : un estudio sistemático de los fundamentos del transporte de una materia, energía y cantidad de movimiento /c R. Byron Bird, Warren E. Stewart y Edwin N. Lightfood ; traducción Fidel Mato Vázquez aMéxico :b Reverté,c2003 apag. variada aTítulo original: Transport phenomena aC/e aDinámica de fluidos932627 aTermodinámica 9112366 aLightfood, Edwin N., coaut. 9150838 aMato Vázquez, Fidel, tr.9150839 aStewart, Warren E., coaut. 9150840 a621.01 B57 2003 aA a5232272003 mx amn 8222223322spa16 cLIBRO2ddc c175782d175782 00102ddc40708GRALaIA_bIA_d2022-01-18f1l3o621.01 B57 2003pdia_005530r2024-10-15 12:28:28s2024-10-08t1w2022-01-18yLIBRO